• 首页
  • 本馆介绍
  • 公告通知
  • 最新文献
  • 馆藏检索
  • 电子资源
  • 读者导购
  • 参考咨询
  • 我的图书馆
  • 登录
  • 详细信息显示
  • 放入我的书架
  • 预约/预借图书
  • 作者相关作品
  • 分类相关作品
  • 丛书相关作品
  • 出版社相关作品

书目信息

  • 表格格式
  • 工作单格式
  • 卡片格式
题名:
热诚培育工人阶级新一代
    
 
作者: ;扬州纱厂政治学校 编
分册:  
出版信息: 上海   上海人民出版社  1983
页数: 120页
开本: 19cm
丛书名:
单 册:
中图分类: D412.62
科图分类:
主题词: 工会工作-思想政治教育--中国 , 思想政治教育-工会工作--中国
电子资源:
ISBN:
000 00728nam0 2200241 45
001 0183002927
005 20060731103033.48
010    @dCNY0.33
091    @aCN@b3074.663
100    @a19950622d1983 em y0chiy0121 ea
101 0  @achi
102    @aCN@b310000
105    @ac z 000yy
200 10 @a热诚培育工人阶级新一代@Are cheng pei yu gong ren jie ji xin yi dai@f扬州纱厂政治学校编
210    @a上海@c上海人民出版社@d1983
215    @a120页@c照片@d19cm
606    @a工会工作-思想政治教育@y中国
606    @a思想政治教育-工会工作@y中国
690    @aD412.62@v3
711 02 @a扬州纱厂政治学校@Ayang zhou sha chang zheng zhi xue xiao@4编
801  2 @aCN@bNLC@c20060731
801  0 @aCN@bTSSF
905    @a10447@dD412.62@e21
    
    热诚培育工人阶级新一代/扬州纱厂政治学校编.-上海:上海人民出版社,1983
    120页:照片;19cm
    
    
    ISBN :CNY0.33
    
●
相关链接 在E读中查询图书 在五车中查询图书 在当当中查询图书 在豆瓣中查询图书


正题名:热诚培育工人阶级新一代     索取号:D412.62/21         预约/预借

序号 登录号 条形码 馆藏地/架位号 状态 备注
1 0440790   204407908   密集书库/ [索取号:D412.62/21] 在馆    
唐山师范学院图书馆 欢迎您!
大连网信软件有限公司© 版权所有